| 000 | 00373nam a2200157Ia 4500 | ||
|---|---|---|---|
| 005 | 20251024152616.0 | ||
| 008 | 251024s9999 xx 000 0 und d | ||
| 020 | _a9780761970880 | ||
| 082 |
_a300.1 _bSCO |
||
| 100 | _aScott, John | ||
| 245 | 0 |
_aSocial Theory _cScott, John |
|
| 260 |
_bSAGE _c2006 |
||
| 300 | _a322 pages | ||
| 650 | _aSocial Science | ||
| 942 | _cENGLISH | ||
| 999 |
_c593384 _d593384 |
||